00386nam a22001217a 4500003000400000008004100004082001600045245008500061260005100146300001200197650003200209650002300241OSt250108b1954 |||||||| |||| 00| 0 eng d a370.1bEDU- aEducation for perfection :bswami sivananda's address at university of roorkee / aUttarakhand :bThe Divine Life Society,c1954. a40 p. ; aMoral and Ethical Education aHolistic Education